Estructura empresarial del Bages : edició 2008 edició 2008
Descripción Física:
224 p. : gràfics, quadres, taules ; 29 cm
Otros Autores:
Pacte Territorial del Bages
MARC
| LEADER | 00000nam a2200000Ia 4500 | ||
|---|---|---|---|
| 001 | 24175 | ||
| 008 | 160829s9999 xx 000 0 cat d | ||
| 080 | |a Bib-173 | ||
| 245 | |a Estructura empresarial del Bages : |b edició 2008 | ||
| 260 | |a Manresa : |b Ajuntament de Manresa. Servei de Desenvolupament, [2008] | ||
| 300 | |a 224 p. : |b gràfics, quadres, taules ; |c 29 cm | ||
| 590 | |a En la contracoberta: amb la col·laboració de: Pacte Territorial del Bages, Diputació de Barcelona, xarxa de municipis, Servei d'Ocupació de Catalunya, Fons Social Europeu, Pacte Territorial del Bages | ||
| 650 | |a Empreses |x Catalunya |x Bages |x Estadístiques |x Revistes |9 49785 | ||
| 650 | |a Bages |x Condicions econòmiques |x Revistes |9 49786 | ||
| 650 | |a Indicadors econòmics |x Catalunya |x Bages |x Revistes |9 49787 | ||
| 700 | |a Pacte Territorial del Bages |9 49383 | ||
| 710 | 1 | |a Manresa (Catalunya). |b Ajuntament |9 51573 | |
| 710 | 2 | |a Servei d'Ocupació de Catalunya |9 51331 | |
| 710 | 2 | |a Fons Social Europeu |9 7014 | |
| 901 | |a Arxiu | ||
| 942 | |n 1 | ||
| 952 | |0 0 |1 0 |4 0 |6 BIB173 |7 1 |9 55597 |a Arxiu |b Arxiu |d 2016-12-01 |l 0 |o Bib-173 |p 24175 |r 2016-12-01 00:00:00 |w 2016-12-01 |y ARXIU | ||
| 999 | |c 59470 |d 59470 | ||